| 000 | 01227nam a22002417a 4500 | ||
|---|---|---|---|
| 005 | 20170124103210.0 | ||
| 010 | _aA-363309 | ||
| 020 | _c250.00 | ||
| 035 | _aA-363309 | ||
| 037 | _bCen Lib/Ret | ||
| 040 |
_aDPL _bHN |
||
| 082 |
_a425 _bतिवारी |
||
| 100 |
_aतिवारी, भोला नाथ _996270 |
||
| 245 |
_aअंग्रेजी हिंदी मुहावरा लोकोक्ति कोश / _cभोलानाथ तिवारी [एवं ] द्रिजेंद्र नाथ |
||
| 246 |
_aAngreji - hindi muhavra lokokti kosh _bby Bholanath Tiwari [evam] Drijendranath |
||
| 260 |
_aदिल्ली _bप्रभात प्रकाशन _c1988 |
||
| 270 |
_a205, चावडी बाज़ार _bदिल्ली _e110006 |
||
| 300 |
_aviii,591पृष्ठ. _c20सेमी(सजिल्द) |
||
| 650 |
_aमुहावरा लोकोक्ति कोश - अंग्रेजी हिंदी _vकोश _996271 |
||
| 650 |
_aIdiom proverb dictionary - English, Hindi _v dictionary _996272 |
||
| 700 |
_aद्रिजेंद्रनाथ _947044 |
||
| 942 |
_2ddc _cHN _h425 _mतिवारी |
||
| 999 |
_c121294 _d121294 |
||